Onvergences (Record no. 9552)
[ view plain ]
| 000 -LEADER | |
|---|---|
| fixed length control field | 01710cam a22001814a 4500 |
| 005 - ΗΜΕΡΟΜΗΝΙΑ ΚΑΙ ΩΡΑ ΤΕΛΕΥΤΑΙΑΣ ΕΝΗΜΕΡΩΣΗΣ | |
| Πεδίο ελέγχου | 20250605164403.0 |
| 008 - FIXED-LENGTH DATA ELEMENTS--GENERAL INFORMATION | |
| Πεδίο ελέγχου σταθερού μήκους | 250528s ||||||||||||||||||||||||d |
| 035 ## - SYSTEM CONTROL NUMBER | |
| System control number | 24685 |
| 040 ## - ΠΗΓΗ ΚΑΤΑΛΟΓΟΓΡΑΦΗΣΗΣ | |
| Φορέας πρωτότυπης καταλογογράφησης | MC Athens Campus Library |
| Γλώσσα καταλογογράφησης | Ελληνικά, Μοντέρνα (1453-) |
| Modifying agency | MC Athens Campus Library |
| Κανόνες περιγραφικής καταλογογράφησης | AACR2 |
| 245 1# - ΤΙΤΛΟΣ ΚΑΙ ΔΗΛΩΣΗ ΥΠΕΥΘΥΝΟΤΗΤΑΣ | |
| Τίτλος | Onvergences |
| 260 ## - PUBLICATION, DISTRIBUTION, ETC. | |
| Name of publisher, distributor, etc. | Δελτίον Διοικήσεως Επιχειρήσεων, |
| Date of publication, distribution, etc. | 2019 |
| 300 ## - PHYSICAL DESCRIPTION | |
| Extent | 112 |
| 520 ## - SUMMARY, ETC. | |
| Summary, etc. | Επενδύσεις σε Αμοιβαία Κεφάλαια, ΙΟΒΕ: Σε Σταθερή Τροχιά ο Δείκτης Οικονομικού Κλίματος, KPMG: Το 66% των Ελλήνων CEOs Εμπιστεύονται τις Προοπτικές Ανάπτυξης στη Χώρα, ΤτΕ: Στα Ίδια Επίπεδα τα Επιτόκια των Καταθέσεων, HANDELSBLATT: Πορεία Συρρίκνωσης για τις Ελληνικές Τράπεζες, ΕΛΣΤΑΤ: Αύξηση του Κύκλου Εργασιών στη Βιομηχανία στο 12μηνο, ΙΟΒΕ: Στάση Αναμονής Λόγω Εγχώριων Εξελίξεων για τη Βιομηχανία, ΕΕΕ: Συνάντηση Εργασίας με την Ένωση Εφοπλιστών Χονγκ Κονγκ, 5ο POSIDONIA SEA TOURISM FORUM: Η Ανατολική Μεσόγειος Αναδεικνύεται σε Σημαντικό Προορισμό για τη Βιομηχανία Κρουαζιέρας, Τα Νέα των Βιομηχανικών και Εμπορικών Επιχειρήσεων, Εταιρικές Κοινωνικές Δράσεις. |
| 700 1# - ΠΡΟΣΘΕΤΗ ΑΝΑΓΡΑΦΗ--ΦΥΣΙΚΟ ΠΡΟΣΩΠΟ | |
| Personal name | Παπαμιχαλάκης Ιωάννης Ν |
| 9 (RLIN) | 9495 |
| 942 ## - ADDED ENTRY ELEMENTS (KOHA) | |
| Koha item type | Περιοδικά Δημοσιεύματα |
| Τύπος τεκμηρίου | Βιβλιοθήκη | Τρέχουσα τοποθεσία | Barcode | Ημερομηνία απόκτησης | Ταξιθετικό σύμβολο | Αριθμός αντιτύπου | Αρίθμηση σειρών / χρονολογία | Κατάσταση απόσυρσης | Κατάσταση χαμένου | Κατάσταση κατεστραμμένου | Μη δανεισμός | Σύνολο δανεισμών | Ημερομηνία τελευταίας εμφάνισης | Η τιμή ισχύει από |
|---|---|---|---|---|---|---|---|---|---|---|---|---|---|---|
| Περιοδικά Δημοσιεύματα | MC Athens Campus Library | MC Athens Campus Library | 9780000095510 | 05/06/2025 | ΔΕΛΤΙΟΝ ΔΙΟΙΚΗΣΗ ΕΠΙΧΕΙΡΗΣΕΩΝ | 1 | 435 | 05/06/2025 | 05/06/2025 |